Remapping Knowledge : Intercultural Studies for a Global Age.

Bibliographic Details
Main Author: Spariosu, Mihai I.
Format: eBook
Language:English
Published: New York, NY : Berghahn Books, Incorporated, 2006.
Edition:1st ed.
Series:Making Sense of History Series
Subjects:
Online Access:Click to View
LEADER 01559nam a22003853i 4500
001 EBC31498594
003 MiAaPQ
005 20240729202206.0
006 m o d |
007 cr cnu||||||||
008 240729s2006 xx o ||||0 eng d
020 |a 9781785336614  |q (electronic bk.) 
020 |z 9781800739451 
035 |a (MiAaPQ)EBC31498594 
035 |a (Au-PeEL)EBL31498594 
040 |a MiAaPQ  |b eng  |e rda  |e pn  |c MiAaPQ  |d MiAaPQ 
050 4 |a GN345.7 .S63 2006 
082 0 |a 306 
100 1 |a Spariosu, Mihai I. 
245 1 0 |a Remapping Knowledge :  |b Intercultural Studies for a Global Age. 
250 |a 1st ed. 
264 1 |a New York, NY :  |b Berghahn Books, Incorporated,  |c 2006. 
264 4 |c Ã2006. 
300 |a 1 online resource (234 pages) 
336 |a text  |b txt  |2 rdacontent 
337 |a computer  |b c  |2 rdamedia 
338 |a online resource  |b cr  |2 rdacarrier 
490 1 |a Making Sense of History Series ;  |v v.8 
588 |a Description based on publisher supplied metadata and other sources. 
590 |a Electronic reproduction. Ann Arbor, Michigan : ProQuest Ebook Central, 2024. Available via World Wide Web. Access may be limited to ProQuest Ebook Central affiliated libraries.  
655 4 |a Electronic books. 
776 0 8 |i Print version:  |a Spariosu, Mihai I.  |t Remapping Knowledge  |d New York, NY : Berghahn Books, Incorporated,c2006  |z 9781800739451 
797 2 |a ProQuest (Firm) 
830 0 |a Making Sense of History Series 
856 4 0 |u https://ebookcentral.proquest.com/lib/matrademy/detail.action?docID=31498594  |z Click to View